Luật dạy nghề : (Có hiệu lực từ ngày 01-06-2007)

Đã lưu trong:
Bibliografiske detaljer
Format: Bog
Sprog:Undetermined
Udgivet: Hà Nội Lao động - Xã hội 2007
Fag:
Tags: Tilføj Tag
Ingen Tags, Vær først til at tagge denne postø!
Thư viện lưu trữ: Trung tâm Học liệu Trường Đại học Cần Thơ
LEADER 00522nam a2200181Ia 4500
001 CTU_126695
008 210402s9999 xx 000 0 und d
020 |c 9000 
082 |a 344.0767 
082 |b L504 
245 0 |a Luật dạy nghề : 
245 0 |b (Có hiệu lực từ ngày 01-06-2007) 
260 |a Hà Nội 
260 |b Lao động - Xã hội 
260 |c 2007 
650 |a Labor laws and legislation 
904 |i Nguyên 
980 |a Trung tâm Học liệu Trường Đại học Cần Thơ